000 00971nam a2200253Ia 4500
003 OSt
005 20220923222137.0
006 a|||||r|||| 00| 0
007 ta
008 220922b |||||||| |||| 00| 0 ben d
024 _a203,365
037 _cTextual
040 _aARTS
_cARTS
_bben
041 _2ben
_aben
082 _aO157,3N12,12, 152M3
100 _aमित्र, विमल; न, पुष्कर; पाड़िया, शंभुनाथ, अनु.
_9166111
245 0 _aचली पिया के देस
246 _aChalī piyā ke desa
260 _aदिल्ली
_b सन्मार्ग प्रका0
_c1983
300 _a118पृ0
_ccm.
650 _aबंगाली साहित्य
_9156264
942 _hO157,3N12,12, 152M3
_cTEXL
_2CC
999 _c354117
_d354117